000 00632nam a2200229Ia 4500
003 OSt
005 20220918214525.0
006 a|||||r|||| 00| 0
007 ta
008 220917b |||||||| |||| 00| 0 eng d
024 _a137,845
037 _cTextual
040 _aARTS
_cARTS
_beng
041 _2eng
_aeng
082 _aY:1, K3 (EV)
100 _aDevaraja N K
_926318
245 0 _aPhilosophy of culture
_ban introduction to creative humanism
260 _aAllaabad
_bKitab Mahal
_c1963
650 _aCIVILIZATION
_9131607
942 _hY:1, K3 (EV)
_cTEXL
_2CC
999 _c260919
_d260919